| 000 | 00667nam a22001937a 4500 | ||
|---|---|---|---|
| 999 |
_c14476 _d14476 |
||
| 003 | AR-CdUCM | ||
| 008 | 190423b ||||| |||| 00| 0 spa d | ||
| 020 | _a978-607-404-273-3 | ||
| 040 |
_aMUNICIPALIDAD PROVINCIAL DEL CUSCO _cBIBLIOTECA MUNICIPAL DEL CUSCO |
||
| 041 | _heng | ||
| 082 |
_aPI / 808.06 / _bS54 |
||
| 245 | _aHistorias tenebrosas / | ||
| 260 |
_aMéxico : _bSIlver dolphin, _c2013. |
||
| 300 |
_a151 páginas ; _bIlustraciones, _c23 cm. |
||
| 440 |
_aUn tesoro de cuentos _933241 |
||
| 505 | _aContenido: Los increíbles -- Mickey mouse -- Cars -- Toy Story y mas allá -- La bella durmiente... | ||
| 942 |
_2ddc _cLIBROS |
||
| 945 |
_adavv _d23/04/2019 |
||